History Quiz

Random History or Clickable Quiz

What's the Nickname? Quiz Stats

 Plays Quiz Updated Apr 3, 2014

Support Sporcle.
Go Orange.
Score 0/24 Timer 05:00
2 Plays Today
% Correct
The King
94.1%
The Iron Lady
93.7%
The Boss
87.2%
The Bard of Avon
85.5%
The Lionheart
85.4%
The Little Corporal
85.1%
The Maid of Orleans
81.7%
Erik the Red
80.6%
Stormin' Norman
79.3%
The Duke
77.4%
Shakespeare of Prose
74.1%
The Red Baron
73.4%
% Correct
The Angel of Death
70.6%
Old Blood and Guts
70.5%
Wild Bill
68.5%
Mr. Hockey
66.3%
The Brown Bomber
62.9%
The Gipper
61.2%
Blackbeard
60.1%
Doc
59.5%
The Phenomenon
57.1%
The Great Compromiser
56.8%
Shrek
44.3%
The Great Helmsman
39%

From the Vault

Celebrity Doppelgängers in History III

by HappyWife

For some of these people, the resemblance is just scary.
Remove Ads.
Support Sporcle.
Get the best of Sporcle when you Go Orange. This ad-free experience offers more features, more stats, and more fun while also helping to support Sporcle. Thank you for becoming a member.

Show Comments

Extras

Top Quizzes Today


Score Distribution

Your Account Isn't Verified!

In order to create a playlist on Sporcle, you need to verify the email address you used during registration. Go to your Sporcle Settings to finish the process.

Report this User

Report this user for behavior that violates our Community Guidelines.

Details: